[Event "2. Bundesliga West 2012/13"]
[Site "Salzburg"]
[Date "2013.03.09"]
[Round "10"]
[Board "6"]
[White "Scheiblmaier, Robert"]
[Black "Streiter, Gerhard"]
[Result "1-0"]
[WhiteElo "2135"]
[BlackElo "2005"]
[PlyCount "79"]
[EventDate "2012.10.05"]
[EventType "team"]
[EventRounds "11"]
[EventCountry "AUT"]
[WhiteTeam "ASK 1"]
[BlackTeam "Schwaz"]

1. d4 d5 2. c4 c6 3. cxd5 cxd5 4. Nc3 Nf6 5. Nf3 Nc6 6. Bf4 Bf5 
7. e3 e6 8. Bb5 Nd7 9. Qa4 Rc8 10. O-O a6 11. Bxc6 Rxc6 12. Rfc1 Nb6 
13. Qb3 Bd6 14. Bxd6 Qxd6 15. Ne5 Rc7 16. Na4 Nxa4 17. Qxa4+ Ke7 18. Rxc7+ Qxc7 
19. Qb4+ Kf6 20. g4 Bg6 21. f4 Be4 22. Qe1 g5 23. fxg5+ Kg7 24. Rc1 Qe7 
25. Qh4 Rf8 26. Qh6+ Kg8 27. Qf6 Qb4 28. Qf2 Qe7 29. Qf6 Qb4 30. Qf2 Qe7 
31. h4 f6 32. gxf6 Rxf6 33. Qg3 Qb4 34. Rc8+ Kg7 35. Rc7+ Kg8 36. Rc8+ Kg7 
37. g5 Rf5 38. Rc7+ Kg8 39. g6 h5 40. g7 1-0

[Event "2. Bundesliga West 2012/13"]
[Site "Salzburg"]
[Date "2013.03.09"]
[Round "10"]
[Board "2"]
[White "Baldauf, Marco"]
[Black "Kleissl, Helmut"]
[Result "1/2-1/2"]
[WhiteElo "2376"]
[BlackElo "2290"]
[PlyCount "89"]
[EventDate "2012.10.05"]
[EventType "team"]
[EventRounds "11"]
[EventCountry "AUT"]
[WhiteTeam "Hohenems II"]
[BlackTeam "Zillertal"]

1. d4 g6 2. Nf3 Bg7 3. c4 d6 4. g3 e5 5. Nc3 exd4 6. Nxd4 Nc6 
7. Nxc6 bxc6 8. Bg2 Ne7 9. Bg5 O-O 10. Rc1 Rb8 11. b3 c5 12. O-O h6 
13. Bf4 Bb7 14. Bxb7 Rxb7 15. Qd2 Kh7 16. Rfd1 Qd7 17. Nd5 Qe6 18. Rc2 Nxd5 
19. cxd5 Qf5 20. Rc4 Re8 21. Be3 Re4 22. Rdc1 Rb4 23. Qd3 Rexc4 24. Rxc4 Qxd3 
25. exd3 Rxc4 26. dxc4 Bc3 27. Kf1 h5 28. Ke2 Kg7 29. h3 Kf6 30. Kd3 Be1 
31. Ke4 Ke7 32. g4 hxg4 33. hxg4 Bc3 34. f3 Bb4 35. Bg5+ Ke8 36. Bf6 Kd7 
37. Kd3 Be1 38. Ke2 Bg3 39. Ke3 Be1 40. f4 Bg3 41. Ke4 Be1 42. f5 gxf5+ 
43. gxf5 Bd2 44. Kf3 Be1 45. Ke4 1/2-1/2

[Event "2. Bundesliga West 2012/13"]
[Site "Salzburg"]
[Date "2013.03.09"]
[Round "10"]
[Board "3"]
[White "Platzgummer, Fabian"]
[Black "Atlas, Dmitry"]
[Result "1/2-1/2"]
[WhiteElo "2311"]
[BlackElo "2255"]
[PlyCount "59"]
[EventDate "2012.10.05"]
[EventType "team"]
[EventRounds "11"]
[EventCountry "AUT"]
[WhiteTeam "Zillertal"]
[BlackTeam "Hohenems II"]

1. e4 e6 2. d4 d5 3. Nd2 Nf6 4. e5 Nfd7 5. Bd3 c5 6. c3 Nc6 
7. Ne2 cxd4 8. cxd4 f6 9. exf6 Nxf6 10. Nf3 Bd6 11. O-O Qc7 12. Bg5 O-O 
13. Bh4 g6 14. Bg3 Nh5 15. Bxd6 Qxd6 16. Ng5 Nf4 17. Qd2 Nxe2+ 18. Bxe2 Qf4 
19. Rad1 Nxd4 20. Qxd4 Qxg5 21. Rc1 Qf6 22. Qxf6 Rxf6 23. Rc7 e5 24. Rfc1 Rc6 
25. R1xc6 bxc6 26. Rxc6 Bf5 27. b4 Rc8 28. Rxc8+ Bxc8 29. Kf1 Kf7 30. Ke1 1/2-1/2

[Event "2. Bundesliga West 2012/13"]
[Site "Salzburg"]
[Date "2013.03.09"]
[Round "10"]
[Board "4"]
[White "Kessler, Luca"]
[Black "Tabernig, Bernhard"]
[Result "1/2-1/2"]
[WhiteElo "2242"]
[BlackElo "2327"]
[PlyCount "45"]
[EventDate "2012.10.05"]
[EventType "team"]
[EventRounds "11"]
[EventCountry "AUT"]
[WhiteTeam "Hohenems II"]
[BlackTeam "Zillertal"]

1. d4 Nf6 2. c4 e6 3. Nf3 Bb4+ 4. Bd2 c5 5. Bxb4 cxb4 6. e3 O-O 
7. Bd3 d6 8. O-O Qe7 9. Nbd2 a5 10. Qc2 Na6 11. Rac1 b6 12. Ne4 Nd7 
13. Nxd6 Qxd6 14. Bxh7+ Kh8 15. Qe4 Qe7 16. Qxa8 Kxh7 17. Qc6 g5 18. Nd2 f5 
19. e4 Nab8 20. Qc7 Na6 21. Qc6 Nab8 22. Qc7 Na6 23. Qc6 1/2-1/2

[Event "2. Bundesliga West 2012/13"]
[Site "Salzburg"]
[Date "2013.03.09"]
[Round "10"]
[Board "5"]
[White "Schiestl, Josef"]
[Black "Burschowsky, Matthias"]
[Result "1/2-1/2"]
[WhiteElo "2115"]
[BlackElo "2234"]
[PlyCount "57"]
[EventDate "2012.10.05"]
[EventType "team"]
[EventRounds "11"]
[EventCountry "AUT"]
[WhiteTeam "Zillertal"]
[BlackTeam "Hohenems II"]

1. e4 g6 2. d4 Bg7 3. Nc3 d6 4. f4 c6 5. Nf3 Nf6 6. Bd3 O-O 
7. O-O b5 8. a3 a6 9. Qe2 Bb7 10. e5 Ne8 11. f5 dxe5 12. dxe5 c5 
13. e6 c4 14. Be4 Nd6 15. exf7+ Rxf7 16. fxg6 Rf8 17. Bxb7 Nxb7 18. Qe6+ Kh8 
19. Qh3 Qb6+ 20. Rf2 Qxg6 21. Be3 Nc6 22. Qd7 Qd6 23. Qxb7 Rfb8 24. Ne4 Rxb7 
25. Nxd6 exd6 26. c3 Re8 27. Re1 Rbe7 28. Rfe2 Ne5 29. Nxe5 1/2-1/2

[Event "2. Bundesliga West 2012/13"]
[Site "Salzburg"]
[Date "2013.03.09"]
[Round "10"]
[Board "6"]
[White "Sandholzer, Robert"]
[Black "Kroell, Johannes"]
[Result "1-0"]
[WhiteElo "2155"]
[BlackElo "2205"]
[PlyCount "53"]
[EventDate "2012.10.05"]
[EventType "team"]
[EventRounds "11"]
[EventCountry "AUT"]
[WhiteTeam "Hohenems II"]
[BlackTeam "Zillertal"]

1. e4 e6 2. d4 b5 3. Bxb5 Bb7 4. Qe2 f5 5. Nd2 Nf6 6. Bd3 c5 
7. dxc5 Bxc5 8. Ngf3 O-O 9. O-O Nc6 10. exf5 Qc7 11. fxe6 Rae8 12. Nb3 Bd6 
13. Be3 Ng4 14. Bxh7+ Kh8 15. Ng5 Bxh2+ 16. Kh1 Bg1 17. f4 Bxe3 18. Qxg4 Rf6 
19. Nf7+ Kxh7 20. Qh5+ Rh6 21. Nxh6 Rxe6 22. Ng4+ Kg8 23. f5 Re4 24. f6 Bf4 
25. Rae1 Rxe1 26. Rxe1 Ne5 27. Nxe5 1-0

[Event "2. Bundesliga West 2012/13"]
[Site "Salzburg"]
[Date "2013.03.09"]
[Round "10"]
[Board "1"]
[White "Bertagnolli, Alexander"]
[Black "Graf, Felix"]
[Result "1/2-1/2"]
[WhiteElo "2352"]
[BlackElo "2394"]
[PlyCount "228"]
[EventDate "2012.10.05"]
[EventType "team"]
[EventRounds "11"]
[EventCountry "AUT"]
[WhiteTeam "Kufstein / Woergl"]
[BlackTeam "Bregenz"]

1. f4 d5 2. Nf3 Nf6 3. e3 g6 4. d4 Bg7 5. Bd3 O-O 6. O-O b6 
7. Qe2 c5 8. c3 Qc7 9. Nbd2 Bf5 10. Bxf5 gxf5 11. Nh4 e6 12. h3 Qe7 
13. g3 Nc6 14. b3 cxd4 15. exd4 Rfc8 16. Bb2 Nxd4 17. cxd4 Rc2 18. Qd3 Rxb2 
19. Qc3 Qa3 20. Nhf3 Ne4 21. Nxe4 dxe4 22. Ne5 Re2 23. Rf2 Rxf2 24. Kxf2 Qa6 
25. Rc1 Qxa2+ 26. Rc2 Qb1 27. Rc1 Qa2+ 28. Rc2 Qb1 29. Rc1 e3+ 30. Ke2 Qe4 
31. Qxe3 Qg2+ 32. Qf2 Qe4+ 33. Qe3 Qg2+ 34. Qf2 Qxf2+ 35. Kxf2 Bxe5 36. fxe5 Rd8 
37. Ke3 Rd5 38. Kd3 Rd7 39. Rc6 Kg7 40. Ke3 Rd5 41. Kd3 Ra5 42. Rc7 Ra1 
43. g4 fxg4 44. hxg4 Kg6 45. Rc8 Kg7 46. Rc7 h6 47. b4 Kg6 48. b5 Rb1 
49. Rxa7 Rxb5 50. Ra1 Rb3+ 51. Ke4 b5 52. Rf1 Rb2 53. Rf6+ Kg7 54. Kd3 Rb3+ 
55. Ke4 Rg3 56. Rf4 Rc3 57. Rf1 b4 58. Ra1 Rc8 59. Rb1 Rb8 60. Rb3 Kg6 
61. Kf4 Rb5 62. Kf3 Kg5 63. Kg3 Rb7 64. Kf3 Rb8 65. Kg3 Rb5 66. Kf3 Rb6 
67. Kg3 Ra6 68. Rxb4 Ra3+ 69. Kf2 Rd3 70. Ke2 Rg3 71. d5 exd5 72. Rd4 Rxg4 
73. Rxd5 Kf5 74. Rd7 Kg6 75. Rd6+ Kg7 76. Kf3 Rg6 77. Rd5 Ra6 78. Rd1 Kg6 
79. Rg1+ Kf5 80. Rg7 Ra3+ 81. Kf2 Ke6 82. Kg2 Ra4 83. Rh7 Rh4 84. Kg3 Rh1 
85. Kg4 Rg1+ 86. Kf4 Rf1+ 87. Kg4 Rh1 88. Kf4 h5 89. Rh6+ Ke7 90. Kg3 Rg1+ 
91. Kf3 Rf1+ 92. Ke4 Rh1 93. Kf3 h4 94. Kg2 Re1 95. Rxh4 Rxe5 96. Ra4 Kf6 
97. Kf3 Rb5 98. Kf4 Kg6 99. Ra6+ f6 100. Ra4 Rb1 101. Kg4 Rg1+ 102. Kf4 Rh1 
103. Kg4 Rh8 104. Ra5 Rb8 105. Ra4 Rb6 106. Rc4 Rb5 107. Ra4 Rg5+ 108. Kf4 Rh5 
109. Kg4 f5+ 110. Kg3 Kg5 111. Ra8 f4+ 112. Kg2 Kg4 113. Rg8+ Rg5 114. Rxg5+ Kxg5 
1/2-1/2

[Event "2. Bundesliga West 2012/13"]
[Site "Salzburg"]
[Date "2013.03.09"]
[Round "10"]
[Board "2"]
[White "Weindl, Alfred"]
[Black "Berchtenbreiter, Maximilian"]
[Result "1/2-1/2"]
[WhiteElo "2329"]
[BlackElo "2336"]
[PlyCount "142"]
[EventDate "2012.10.05"]
[EventType "team"]
[EventRounds "11"]
[EventCountry "AUT"]
[WhiteTeam "Bregenz"]
[BlackTeam "Kufstein / Woergl"]

1. Nf3 g6 2. g3 b5 3. Bg2 Bb7 4. O-O Bg7 5. d3 d5 6. Nbd2 e6 
7. e4 Ne7 8. exd5 Bxd5 9. c4 Bc6 10. Nb3 a5 11. cxb5 Bd5 12. a4 c6 
13. Bd2 Bxb2 14. Rb1 Bg7 15. b6 Qxb6 16. Nxa5 Qa6 17. Nb7 O-O 18. Nc5 Qc8 
19. Qc2 Nf5 20. Rfc1 Nd7 21. Ne4 Qa6 22. a5 h5 23. Be1 Rfc8 24. h3 c5 
25. Qa4 Qxd3 26. Qxd7 Bxe4 27. Qxd3 Bxd3 28. Rb7 Be4 29. Rxf7 Bxf3 30. Rxg7+ Kxg7 
31. Bxf3 Ra7 32. Bc3+ Kf7 33. Rb1 Nd4 34. Rb7+ Rc7 35. Bxd4 Rcxb7 36. Bxb7 Rxb7 
37. Bxc5 Rb5 38. Bb6 g5 39. Kf1 Ke7 40. Ke2 Kd7 41. Kf3 Kc6 42. g4 h4 
43. Kg2 Rd5 44. Kf3 Kb5 45. Kg2 Ka6 46. Kf3 Rd3+ 47. Kg2 e5 48. Bc7 e4 
49. Bb6 Rd5 50. Kf1 Kb7 51. Kg2 Rb5 52. Kh2 Kc6 53. Kg2 Kd7 54. Kf1 Rb1+ 
55. Kg2 Ra1 56. Kh2 Ke7 57. Kg2 Ra2 58. Kg1 Kd7 59. Kf1 Ra3 60. Kg2 Rb3 
61. Kh2 Kc8 62. Kg2 Kb8 63. Bd8 Rb5 64. Bb6 Kb7 65. Kf1 Kc6 66. Kg2 Kd5 
67. Be3 Rxa5 68. Bxg5 Ra2 69. Be3 Kc4 70. Bb6 Kd3 71. Be3 Ra5 1/2-1/2

[Event "2. Bundesliga West 2012/13"]
[Site "Salzburg"]
[Date "2013.03.09"]
[Round "10"]
[Board "4"]
[White "Herbrechtsmeier, Christof"]
[Black "Rusche, Johannes"]
[Result "1/2-1/2"]
[WhiteElo "2283"]
[BlackElo "2220"]
[PlyCount "59"]
[EventDate "2012.10.05"]
[EventType "team"]
[EventRounds "11"]
[EventCountry "AUT"]
[WhiteTeam "Bregenz"]
[BlackTeam "Kufstein / Woergl"]

1. e4 e5 2. Nf3 Nc6 3. Bc4 Nf6 4. Ng5 d5 5. exd5 Na5 6. Bb5+ c6 
7. dxc6 bxc6 8. Be2 h6 9. Nf3 e4 10. Ne5 Bc5 11. c3 Qc7 12. f4 exf3 
13. Nxf3 Ng4 14. d4 Bd6 15. Qa4 O-O 16. Ne5 Nxe5 17. dxe5 Bxe5 18. Nd2 Re8 
19. Nf1 Rb8 20. Kf2 Ba6 21. Bxa6 Qb6+ 22. Ne3 Qxa6 23. g3 Qb6 24. Re1 Nb7 
25. Qb4 Qc7 26. Kg2 Nd6 27. Qg4 Re6 28. Nf1 Qe7 29. a4 c5 30. a5 1/2-1/2

[Event "2. Bundesliga West 2012/13"]
[Site "Salzburg"]
[Date "2013.03.09"]
[Round "10"]
[Board "5"]
[White "Steinbacher, Thomas"]
[Black "Poettinger, Harald"]
[Result "1-0"]
[WhiteElo "2072"]
[BlackElo "2238"]
[PlyCount "25"]
[EventDate "2012.10.05"]
[EventType "team"]
[EventRounds "11"]
[EventCountry "AUT"]
[WhiteTeam "Kufstein / Woergl"]
[BlackTeam "Bregenz"]

1. d4 d6 2. e4 Nf6 3. Nc3 e5 4. dxe5 dxe5 5. Qxd8+ Kxd8 6. Nf3 Bd6 
7. Bg5 Be6 8. O-O-O Nbd7 9. Nd2 Nb6 10. f4 exf4 11. Nf3 Kc8 12. e5 h6 
13. Bxf6 1-0

[Event "2. Bundesliga West 2012/13"]
[Site "Salzburg"]
[Date "2013.03.09"]
[Round "10"]
[Board "6"]
[White "Mira, Helene"]
[Black "Kranewitter, Norbert"]
[Result "1/2-1/2"]
[WhiteElo "2084"]
[BlackElo "2074"]
[PlyCount "46"]
[EventDate "2012.10.05"]
[EventType "team"]
[EventRounds "11"]
[EventCountry "AUT"]
[WhiteTeam "Bregenz"]
[BlackTeam "Kufstein / Woergl"]

1. d4 d5 2. c4 c6 3. Nf3 Nf6 4. Nc3 dxc4 5. a4 Bf5 6. e3 e6 
7. Bxc4 Bb4 8. O-O O-O 9. Qe2 Bg4 10. h3 Bh5 11. Rd1 Qa5 12. Bd2 Nbd7 
13. Nb1 Rfe8 14. Bxb4 Qxb4 15. Nbd2 e5 16. dxe5 Nxe5 17. b3 Rad8 18. g4 Nxc4 
19. Qxc4 Qxc4 20. Nxc4 Bg6 21. Nd6 Bc2 22. Rdc1 Rxd6 23. Rxc2 g6 1/2-1/2

[Event "2. Bundesliga West 2012/13"]
[Site "Salzburg"]
[Date "2013.03.09"]
[Round "10"]
[Board "1"]
[White "Medvegy, Zoltan"]
[Black "Prusikin, Michael"]
[Result "1/2-1/2"]
[WhiteElo "2555"]
[BlackElo "2543"]
[PlyCount "59"]
[EventDate "2012.10.05"]
[EventType "team"]
[EventRounds "11"]
[EventCountry "AUT"]
[WhiteTeam "ATSV Ranshofen"]
[BlackTeam "SIR Bernhard"]

1. c4 e6 2. Nc3 d5 3. d4 Be7 4. cxd5 exd5 5. Bf4 Nf6 6. e3 Bf5 
7. Nge2 O-O 8. Ng3 Be6 9. Bd3 c5 10. dxc5 Nc6 11. O-O Bxc5 12. Rc1 d4 
13. Nce4 Be7 14. Nxf6+ Bxf6 15. Ne4 dxe3 16. Nxf6+ Qxf6 17. fxe3 Qxb2 18. Rf2 Qf6 
19. Bd6 Qg5 20. Bxf8 Rxf8 21. Qf3 Ne5 22. Qe4 Nxd3 23. Qxd3 Rd8 24. Qe4 h6 
25. h4 Qd5 26. Qxd5 Rxd5 27. Rb2 Ra5 28. Rxb7 Rxa2 29. Rd1 h5 30. Rd6 1/2-1/2

[Event "2. Bundesliga West 2012/13"]
[Site "Salzburg"]
[Date "2013.03.09"]
[Round "10"]
[Board "2"]
[White "Bromberger, Stefan"]
[Black "Webersberger, Johann"]
[Result "1-0"]
[WhiteElo "2492"]
[BlackElo "2392"]
[PlyCount "25"]
[EventDate "2012.10.05"]
[EventType "team"]
[EventRounds "11"]
[EventCountry "AUT"]
[WhiteTeam "SIR Bernhard"]
[BlackTeam "ATSV Ranshofen"]

1. d4 d5 2. c4 c6 3. Nf3 Nf6 4. Nc3 dxc4 5. a4 Bf5 6. Ne5 Nbd7 
7. Nxc4 Qc7 8. g3 e5 9. dxe5 Nxe5 10. Bf4 Nfd7 11. Bg2 O-O-O 12. Rc1 Be6 
13. Nb5 1-0

[Event "2. Bundesliga West 2012/13"]
[Site "Salzburg"]
[Date "2013.03.09"]
[Round "10"]
[Board "3"]
[White "Konnyu, Janos"]
[Black "Geske, Julian"]
[Result "1/2-1/2"]
[WhiteElo "2352"]
[BlackElo "2391"]
[PlyCount "97"]
[EventDate "2012.10.05"]
[EventType "team"]
[EventRounds "11"]
[EventCountry "AUT"]
[WhiteTeam "ATSV Ranshofen"]
[BlackTeam "SIR Bernhard"]

1. e4 d5 2. exd5 Qxd5 3. Nc3 Qa5 4. d4 Nf6 5. Bc4 Bg4 6. Nge2 e6 
7. Bd2 Qb6 8. O-O Be7 9. h3 Bh5 10. Qe1 O-O 11. b3 c6 12. Be3 Nd5 
13. Nxd5 exd5 14. Nf4 Bg6 15. Nxg6 hxg6 16. Be2 Nd7 17. Bf3 Rfe8 18. Qd2 Nf6 
19. Rad1 Qc7 20. c4 Rad8 21. Rfe1 Ne4 22. Bxe4 dxe4 23. Bf4 Bd6 24. Bxd6 Qxd6 
25. Qa5 a6 26. d5 cxd5 27. Rxd5 Qe7 28. Rxe4 Rxd5 29. Rxe7 Rd1+ 30. Kh2 Rxe7 
31. Qc5 Rdd7 32. a4 Kh7 33. Qc8 Rc7 34. Qg4 Kg8 35. a5 Re6 36. Qd4 Ree7 
37. b4 Re8 38. Qd5 Kh7 39. c5 Ree7 40. Qd4 Red7 41. Qc4 Kg8 42. f4 Rc6 
43. Qe4 Re6 44. Qf3 Rc6 45. f5 gxf5 46. Qxf5 Rd4 47. Qb1 Re6 48. b5 axb5 
49. Qxb5 1/2-1/2

[Event "2. Bundesliga West 2012/13"]
[Site "Salzburg"]
[Date "2013.03.09"]
[Round "10"]
[Board "5"]
[White "Ager, Josef"]
[Black "Schramm, Christian"]
[Result "1/2-1/2"]
[WhiteElo "2170"]
[BlackElo "2391"]
[PlyCount "137"]
[EventDate "2012.10.05"]
[EventType "team"]
[EventRounds "11"]
[EventCountry "AUT"]
[WhiteTeam "ATSV Ranshofen"]
[BlackTeam "SIR Bernhard"]

1. Nf3 e6 2. g3 b6 3. Bg2 Bb7 4. c4 c5 5. O-O Nf6 6. Nc3 Be7 
7. Re1 O-O 8. e4 d6 9. b3 a6 10. Bb2 Qc7 11. d4 cxd4 12. Nxd4 Nbd7 
13. Rc1 Rac8 14. Qd2 Rfe8 15. h3 Qb8 16. Re2 Ne5 17. f4 Nc6 18. Nxc6 Bxc6 
19. Kh2 Red8 20. Qe1 Nd7 21. Nd5 Bf8 22. Ne3 Nc5 23. Ng4 Nd3 24. Qc3 Nxb2 
25. Qxb2 h5 26. Nf2 b5 27. h4 bxc4 28. Rxc4 d5 29. exd5 Bxd5 30. Bxd5 Rxd5 
31. Rxc8 Qxc8 32. Ne4 e5 33. fxe5 Qg4 34. Nf2 Qf3 35. Rd2 Ba3 36. Qc2 Rxe5 
37. Rd3 Qf6 38. Kg2 Bc5 39. Rd2 Be3 40. Re2 Qe6 41. Qc4 Qxc4 42. bxc4 Bd4 
43. Rxe5 Bxe5 44. Kf3 Kf8 45. Nd3 Bc7 46. Nf4 g6 47. g4 Bxf4 48. Kxf4 hxg4 
49. Kxg4 Ke7 50. Kg5 a5 51. c5 f5 52. c6 Kd6 53. Kxg6 f4 54. h5 f3 
55. h6 f2 56. h7 f1=Q 57. h8=Q Qg2+ 58. Kf5 Qf3+ 59. Kg5 Qd5+ 60. Kf4 Qd2+ 
61. Kf3 Kxc6 62. Qe8+ Kc7 63. Qe7+ Kc6 64. Qe8+ Kc5 65. Qe3+ Qxe3+ 66. Kxe3 Kb4 
67. Kd2 Ka3 68. Kc2 Kxa2 69. Kc1 1/2-1/2

[Event "2. Bundesliga West 2012/13"]
[Site "Salzburg"]
[Date "2013.03.09"]
[Round "10"]
[Board "1"]
[White "Krassowizkij, Jaroslaw"]
[Black "Schmidt, Georg"]
[Result "1-0"]
[WhiteElo "2404"]
[BlackElo "2347"]
[PlyCount "87"]
[EventDate "2012.10.05"]
[EventType "team"]
[EventRounds "11"]
[EventCountry "AUT"]
[WhiteTeam "Goetzis"]
[BlackTeam "Mozart-Wals-Treuhand"]

1. c4 Nf6 2. d4 c5 3. d5 e5 4. Nc3 d6 5. e4 Be7 6. g3 h5 
7. h4 Na6 8. Be2 Rb8 9. Nh3 Bd7 10. Ng5 g6 11. f4 Nh7 12. Nxh7 Rxh7 
13. fxe5 dxe5 14. Be3 Bd6 15. Nb5 Bxb5 16. cxb5 Nc7 17. b4 b6 18. bxc5 Bxc5 
19. Bxc5 bxc5 20. Qa4 Kf8 21. O-O Kg8 22. Rab1 g5 23. Qxa7 gxh4 24. Rf3 Rg7 
25. Qxc5 hxg3 26. Bf1 Qh4 27. Bg2 Qxe4 28. Rfb3 Qd4+ 29. Qxd4 exd4 30. a4 Rg6 
31. Rb4 d3 32. Rd4 Rd6 33. Rxd3 h4 34. Rb4 Rh6 35. d6 Ne6 36. d7 Kf8 
37. Bh3 Ke7 38. Bxe6 fxe6 39. b6 h3 40. Rg4 h2+ 41. Kh1 Rf8 42. Rd1 e5 
43. Rg7+ Kd8 44. b7 1-0

[Event "2. Bundesliga West 2012/13"]
[Site "Salzburg"]
[Date "2013.03.09"]
[Round "10"]
[Board "2"]
[White "Panteleev, Petar"]
[Black "Eisenbeiser, Amadeus"]
[Result "1/2-1/2"]
[WhiteElo "2306"]
[BlackElo "2384"]
[PlyCount "86"]
[EventDate "2012.10.05"]
[EventType "team"]
[EventRounds "11"]
[EventCountry "AUT"]
[WhiteTeam "Mozart-Wals-Treuhand"]
[BlackTeam "Goetzis"]

1. d4 d6 2. Nf3 g6 3. c4 Bg7 4. Nc3 e5 5. dxe5 dxe5 6. Qxd8+ Kxd8 
7. Ng5 Ke8 8. Bd2 Na6 9. Nb5 Bd7 10. Bc3 f6 11. Nf3 Ne7 12. O-O-O Nc8 
13. h4 c6 14. Nd6+ Nxd6 15. Rxd6 Nc5 16. Rd1 Ne4 17. Be1 Be6 18. e3 Rd8 
19. Nd2 Nd6 20. Be2 h5 21. Bd3 f5 22. Kc2 e4 23. Be2 Nf7 24. b3 Ne5 
25. Nb1 Rxd1 26. Kxd1 Ng4 27. Kc2 Bf6 28. g3 Rh7 29. Rf1 Rd7 30. Bxg4 hxg4 
31. Bc3 Bd8 32. Rd1 Rh7 33. Rd6 Bf7 34. Rd1 g5 35. hxg5 Rh2 36. Rd2 Bxg5 
37. Bd4 b6 38. a4 Be7 39. Nc3 Bb4 40. Re2 Rh1 41. Rd2 Rf1 42. Bf6 Be6 
43. Bd4 Ke7 1/2-1/2

[Event "2. Bundesliga West 2012/13"]
[Site "Salzburg"]
[Date "2013.03.09"]
[Round "10"]
[Board "3"]
[White "Gauss, Gustav"]
[Black "Hanel, Reinhard"]
[Result "1/2-1/2"]
[WhiteElo "2145"]
[BlackElo "2286"]
[PlyCount "98"]
[EventDate "2012.10.05"]
[EventType "team"]
[EventRounds "11"]
[EventCountry "AUT"]
[WhiteTeam "Goetzis"]
[BlackTeam "Mozart-Wals-Treuhand"]

1. d4 Nf6 2. Nc3 d5 3. Bg5 Nbd7 4. f3 c5 5. e4 cxd4 6. Bxf6 dxc3 
7. Bxc3 dxe4 8. fxe4 a6 9. Bc4 Qc7 10. Qe2 e6 11. Nf3 b5 12. Bb3 Bb7 
13. O-O Nc5 14. Be5 Qc6 15. Bd5 exd5 16. exd5 Qxd5 17. Bxg7+ Ne4 18. Rad1 Bc5+ 
19. Kh1 Qh5 20. Bxh8 Kf8 21. Qe1 Re8 22. Bd4 Bd6 23. Qh4 Qg6 24. c3 Be7 
25. Qf4 Bd6 26. Be5 Bc5 27. Bd4 Bd6 28. Ne5 Bxe5 29. Bxe5 Nxc3 30. Qxf7+ Qxf7 
31. Rxf7+ Kxf7 32. Bxc3 Be4 33. Kg1 Rc8 34. Rd4 Bf5 35. a4 bxa4 36. Rxa4 Rc6 
37. Ra5 Bd3 38. Rd5 Bc4 39. Rd7+ Kg6 40. Rg7+ Kh6 41. Rg4 Kh5 42. Rg7 Bd3 
43. h3 Kh6 44. Rg8 Bg6 45. Kf2 Kg5 46. Rf8 Rd6 47. g3 Bf5 48. Rg8+ Bg6 
49. Rf8 Bf5 1/2-1/2

[Event "2. Bundesliga West 2012/13"]
[Site "Salzburg"]
[Date "2013.03.09"]
[Round "10"]
[Board "5"]
[White "Kranz, Armin"]
[Black "Peterwagner, Heinz"]
[Result "0-1"]
[WhiteElo "2142"]
[BlackElo "2129"]
[PlyCount "96"]
[EventDate "2012.10.05"]
[EventType "team"]
[EventRounds "11"]
[EventCountry "AUT"]
[WhiteTeam "Goetzis"]
[BlackTeam "Mozart-Wals-Treuhand"]

1. d4 g6 2. Nf3 Bg7 3. c4 d6 4. g3 Nf6 5. Bg2 O-O 6. Nc3 Nbd7 
7. O-O e5 8. e4 exd4 9. Nxd4 Re8 10. h3 Nc5 11. Re1 a5 12. Rb1 Bd7 
13. Bf4 Nh5 14. Be3 Nf6 15. Qc2 Qe7 16. f3 c6 17. Rbd1 Rad8 18. Bf2 Bc8 
19. f4 Nh5 20. Kh2 Qf6 21. Nf3 Ne6 22. Rd2 Bh6 23. Rxd6 Rxd6 24. e5 Qd8 
25. exd6 Qxd6 26. Ne4 Qe7 27. Nfg5 Bg7 28. Nxe6 Bxe6 29. Bc5 Qc7 30. Bd6 Qd7 
31. Rd1 Bf5 32. g4 Bxe4 33. Bxe4 Nf6 34. Bc5 Qc7 35. Bd6 Qb6 36. Bf3 Qe3 
37. Rd3 Qe1 38. Be5 Ne4 39. Bxe4 Bxe5 40. fxe5 Qxe4 41. Rd2 Qxe5+ 42. Kg2 h5 
43. gxh5 Qxh5 44. Qd3 Qg5+ 45. Kh2 Qf4+ 46. Kg2 Re3 47. Qd6 Qf3+ 48. Kh2 Qxh3+ 
0-1

[Event "2. Bundesliga West 2012/13"]
[Site "Salzburg"]
[Date "2013.03.09"]
[Round "10"]
[Board "6"]
[White "Donegani, Peter"]
[Black "Langwieser, Alexander"]
[Result "0-1"]
[WhiteElo "2083"]
[BlackElo "2081"]
[PlyCount "62"]
[EventDate "2012.10.05"]
[EventType "team"]
[EventRounds "11"]
[EventCountry "AUT"]
[WhiteTeam "Mozart-Wals-Treuhand"]
[BlackTeam "Goetzis"]

1. e4 c5 2. Nf3 e6 3. d4 cxd4 4. Nxd4 a6 5. Nc3 Qc7 6. Bd3 d6 
7. Qe2 Bd7 8. f4 Be7 9. Bd2 Nc6 10. Nxc6 Bxc6 11. O-O-O b5 12. f5 Nf6 
13. g4 b4 14. Nb1 Qb7 15. Rde1 exf5 16. gxf5 O-O 17. Rhg1 Rfc8 18. Bh6 g6 
19. fxg6 hxg6 20. e5 Bf3 21. Qd2 dxe5 22. Rxe5 Ng4 23. Qf4 Bd6 24. Rxg4 Bxg4 
25. Be4 Qc7 26. Qxg4 Bxe5 27. Nd2 a5 28. Nf3 Bg7 29. Bf4 Qc4 30. Bd3 Qxd3 
31. Ne1 Qd4 0-1

[Event "2. Bundesliga West 2012/13"]
[Site "Salzburg"]
[Date "2013.03.10"]
[Round "11"]
[Board "2"]
[White "Heinzel, Olaf"]
[Black "Besner, Bernhard"]
[Result "1-0"]
[WhiteElo "2363"]
[BlackElo "2182"]
[PlyCount "41"]
[EventDate "2012.10.05"]
[EventType "team"]
[EventRounds "11"]
[EventCountry "AUT"]
[WhiteTeam "Rochade Rum"]
[BlackTeam "ASK 1"]

1. d4 d5 2. Bf4 Nf6 3. e3 c5 4. Nc3 Qb6 5. Nb5 Na6 6. c3 Bd7 
7. a4 e6 8. Nf3 c4 9. b3 Bxb5 10. axb5 Qxb5 11. Nd2 Rc8 12. Be2 Be7 
13. O-O O-O 14. bxc4 Qc6 15. c5 Ra8 16. Qa4 Nb8 17. Rfb1 Nbd7 18. Qb3 b6 
19. Bb5 Nxc5 20. Bxc6 Nxb3 21. Rxb3 1-0

[Event "2. Bundesliga West 2012/13"]
[Site "Salzburg"]
[Date "2013.03.10"]
[Round "11"]
[Board "3"]
[White "Harringer, Franz"]
[Black "Hengl, Christian"]
[Result "1-0"]
[WhiteElo "2214"]
[BlackElo "2231"]
[PlyCount "69"]
[EventDate "2012.10.05"]
[EventType "team"]
[EventRounds "11"]
[EventCountry "AUT"]
[WhiteTeam "ASK 1"]
[BlackTeam "Rochade Rum"]

1. e4 e6 2. d4 d5 3. Nc3 Nf6 4. exd5 exd5 5. Bd3 Bd6 6. Bg5 c6 
7. Qf3 Bg4 8. Qe3+ Kd7 9. Nf3 Re8 10. Ne5+ Kc7 11. O-O Nbd7 12. f4 h6 
13. Bh4 g5 14. fxg5 Rxe5 15. dxe5 Bc5 16. Qxc5 Nxc5 17. Rxf6 hxg5 18. Rxf7+ Kb6 
19. Bf2 d4 20. b4 Nxd3 21. cxd3 a6 22. Na4+ Ka7 23. Nc5 Rb8 24. e6 Qd5 
25. Rd7 Qf5 26. Bxd4 Ka8 27. Rf1 Qg6 28. Rf6 Qh5 29. Be5 Re8 30. Bd4 Rh8 
31. Be5 Re8 32. Bg3 Qh8 33. Be5 Qh5 34. Rff7 Qh4 35. g3 1-0

[Event "2. Bundesliga West 2012/13"]
[Site "Salzburg"]
[Date "2013.03.10"]
[Round "11"]
[Board "4"]
[White "Hoellrigl, Wilfried"]
[Black "Juergens, Klaus"]
[Result "1-0"]
[WhiteElo "2199"]
[BlackElo "2170"]
[PlyCount "63"]
[EventDate "2012.10.05"]
[EventType "team"]
[EventRounds "11"]
[EventCountry "AUT"]
[WhiteTeam "Rochade Rum"]
[BlackTeam "ASK 1"]

1. e4 c5 2. c3 Nf6 3. e5 Nd5 4. Nf3 Nc6 5. Bc4 Nb6 6. Bb3 c4 
7. Bc2 Qc7 8. Qe2 g5 9. h3 Bg7 10. O-O Nxe5 11. Nxg5 d5 12. Re1 e6 
13. d4 cxd3 14. Bxd3 Nxd3 15. Qxd3 h6 16. Nf3 Bd7 17. Be3 Nc4 18. Bd4 Nxb2 
19. Qf5 Kf8 20. Qh5 Nd3 21. Re3 Bxd4 22. Rxd3 Bf6 23. Nbd2 Rc8 24. Re1 Ba4 
25. Ne5 Bc2 26. Rf3 Bxe5 27. Rxe5 Bd1 28. Ree3 Bxf3 29. Nxf3 Qf4 30. Ne5 Qf5 
31. Qxf5 exf5 32. Nd7+ 1-0